| 000 | 00554nam a22002177a 4500 | ||
|---|---|---|---|
| 003 | OSt | ||
| 005 | 20240702134535.0 | ||
| 008 | 240702b |||||||| |||| 00| 0 eng d | ||
| 020 | _a978-93-82219-19-4 | ||
| 040 | _cTrident | ||
| 082 |
_a610 _bPAR |
||
| 100 |
_aK.Park _942234 |
||
| 245 | _aParks Textbook of Preventive and Social Medicine | ||
| 250 | _a27th | ||
| 260 |
_aJabalpur _bBanarsidas Bhanot _c2023 |
||
| 300 | _axii,1033; | ||
| 500 | _a01 | ||
| 650 |
_aBio Medical _942048 |
||
| 700 |
_aDr.John Everett Park _945394 |
||
| 942 |
_2ddc _cBK _n0 |
||
| 999 |
_c61123 _d61123 |
||